Journey to an 800 number. (Record no. 110754)
[ view plain ]
| 000 -LEADER | |
|---|---|
| fixed length control field | 00391nam a2200157 a 4500 |
| 001 - CONTROL NUMBER | |
| control field | 2765 |
| 005 - DATE AND TIME OF LATEST TRANSACTION | |
| control field | 20140414131903.0 |
| 008 - FIXED-LENGTH DATA ELEMENTS--GENERAL INFORMATION | |
| fixed length control field | 050928s19uu xx 00 eng d |
| 020 ## - INTERNATIONAL STANDARD BOOK NUMBER | |
| International Standard Book Number | 0-689-82679-6 |
| 050 ## - LIBRARY OF CONGRESS CALL NUMBER | |
| Classification number | FIC |
| Item number | K79 1982 |
| 100 ## - MAIN ENTRY--PERSONAL NAME | |
| Personal name | E.L. Konigsburg |
| 245 ## - TITLE STATEMENT | |
| Title | Journey to an 800 number. |
| 260 ## - PUBLICATION, DISTRIBUTION, ETC. (IMPRINT) | |
| Name of publisher, distributor, etc | Aladdin Paperbacks, |
| Date of publication, distribution, etc | 1982. |
| 300 ## - PHYSICAL DESCRIPTION | |
| Extent | 138 p. : ill. ; cm. |
| Withdrawn status | Lost status | Damaged status | Home library | Current library | Shelving location | Date acquired | Source of acquisition | Total Checkouts | Full call number | Barcode | Date last seen | Price effective from | Koha item type |
|---|---|---|---|---|---|---|---|---|---|---|---|---|---|
| Munich Library | Munich Library | Fiction Section | 09/28/2005 | FIC K79 1982 | M1237 | 04/14/2014 | 04/14/2014 | Books |